| 000 -LEADER |
| fixed length control field |
00643nam a22002177a 4500 |
| 008 - FIXED-LENGTH DATA ELEMENTS--GENERAL INFORMATION |
| fixed length control field |
150601b xxu||||| |||| 00| 0 eng d |
| 020 ## - INTERNATIONAL STANDARD BOOK NUMBER |
| International Standard Book Number |
0256014515 |
| 041 0# - LANGUAGE CODE |
| Language code of text/sound track or separate title |
eng |
| 080 ## - UNIVERSAL DECIMAL CLASSIFICATION NUMBER |
| Universal Decimal Classification number |
338 |
| 100 1# - Rafti |
| Rafti |
Christensen, C. Roland |
| 245 10 - TITLE STATEMENT |
| Title |
Business policy: text and cases |
| Statement of responsibility, etc |
[by] C. Roland Christensen, Kenneth R. Andrews [and] Joseph L. Bower. |
| 250 ## - |
| -- |
3d ed. |
| 260 ## - |
| -- |
Homewood, Ill., |
| -- |
R. D. Irwin, |
| -- |
1973. |
| 300 ## - |
| -- |
1012 f. |
| -- |
me il.; |
| -- |
24 cm. |
| 650 #0 - |
| -- |
Korporatat |
| 650 #0 - |
| -- |
Organizimi i Industrisë |
| 700 1# - |
| -- |
Andrews, Kenneth R. |
| 700 1# - |
| -- |
Bower, Joseph L., |
| 700 1# - |
| -- |
Learned, Edmund P. |
| 942 ## - ADDED ENTRY ELEMENTS (KOHA) |
| Source of classification or shelving scheme |
|
| Item type |
Books |